Indian polity: (Record no. 289389)
[ view plain ]
| 000 -LEADER | |
|---|---|
| fixed length control field | 00617nam a22002297a 4500 |
| 003 - CONTROL NUMBER IDENTIFIER | |
| control field | OSt |
| 020 ## - INTERNATIONAL STANDARD BOOK NUMBER | |
| International Standard Book Number | 9789354600357 |
| 082 ## - DEWEY DECIMAL CLASSIFICATION NUMBER | |
| Classification number | 320 |
| Item number | LAX/IN |
| 100 ## - MAIN ENTRY--PERSONAL NAME | |
| Personal name | Laxmikanth, M |
| 245 ## - TITLE STATEMENT | |
| Title | Indian polity: |
| Remainder of title | for civil services examinations |
| 250 ## - EDITION STATEMENT | |
| Edition statement | 6, rev. |
| 260 ## - PUBLICATION, DISTRIBUTION, ETC. (IMPRINT) | |
| Place of publication, distribution, etc | Chennai |
| Name of publisher, distributor, etc | McGrraw Hill Education India Limited |
| Date of publication, distribution, etc | 2022 |
| 546 ## - LANGUAGE | |
| Language note | English |
| 650 ## - SUBJECT ADDED ENTRY--TOPICAL TERM | |
| Topical term or geographic name as entry element | Constitutional framework |
| 650 ## - SUBJECT ADDED ENTRY--TOPICAL TERM | |
| Topical term or geographic name as entry element | System of government |
| 650 ## - SUBJECT ADDED ENTRY--TOPICAL TERM | |
| Topical term or geographic name as entry element | Central government |
| 650 ## - SUBJECT ADDED ENTRY--TOPICAL TERM | |
| Topical term or geographic name as entry element | State government |
| 650 ## - SUBJECT ADDED ENTRY--TOPICAL TERM | |
| Topical term or geographic name as entry element | Local government |
| 650 ## - SUBJECT ADDED ENTRY--TOPICAL TERM | |
| Topical term or geographic name as entry element | Constitutional bodies |
| 650 ## - SUBJECT ADDED ENTRY--TOPICAL TERM | |
| Topical term or geographic name as entry element | Political dynamics |
| 942 ## - ADDED ENTRY ELEMENTS (KOHA) | |
| Source of classification or shelving scheme | Dewey Decimal Classification |
| Koha item type | Books (General) |
| Lost status | Source of classification or shelving scheme | Damaged status | Not for loan | Collection code | Home library | Current library | Shelving location | Date acquired | Total Checkouts | Total Renewals | Full call number | Barcode | Checked out | Date last seen | Date last borrowed | Koha item type |
|---|---|---|---|---|---|---|---|---|---|---|---|---|---|---|---|---|
| Dewey Decimal Classification | General | KAU Central Library, Thrissur | KAU Central Library, Thrissur | General | 26/04/2022 | 20 | 10 | CE 320 LAX/IN | 231835 | 11/06/2026 | 25/05/2026 | 25/05/2026 | Books (General) | |||
| Dewey Decimal Classification | General | KAU Central Library, Thrissur | KAU Central Library, Thrissur | General | 26/04/2022 | 11 | 8 | CE 320 LAX/IN | 231836 | 20/06/2026 | 03/06/2026 | 03/06/2026 | Books (General) | |||
| Dewey Decimal Classification | General | KAU Central Library, Thrissur | KAU Central Library, Thrissur | General | 26/04/2022 | 14 | 8 | CE 320 LAX/IN | 231837 | 12/05/2026 | 07/04/2026 | Books (General) |
